00888nam a2200241 a 4500001001000000003000900010005001700019007000300036008003800039040003100077082003100108245003300139260001500172264008600187300008400273336002800357337003500385338003000420600003300450650001600483651005000499710009700549000043695DO-SdBPM20250821130032.0ta140403s1997 dr ac 000 0 spa d aDO-SdBPMbspaerdacBPMSU  4a320.97293bD536c 199722200aDiálogo con el presidente. a b b c  aSanto Domingo : bDirección Gerneral de Información y Prensa de la Presc1997 a 105 páginas. :b ilustraciones, fotografías a blanco y negro. ;c22 cm.f  atexto btxt2rdacontent asin mediación bn2rdamedia  avolumen bnc2rdacarrier 14aFernández, Leonel, d1953- 7aDiálogo  7aRepública DominicanaxPolítica y gobierno2 aRepública Dominicanab.Dirección General de Información y Prensa de la Presidencia.4